000 00468nam a2200169 i 4500
001 93219
003 ES-MaACL
007 t|
008 050408s1983 fr ||||1| fre d
020 _a2-85121-043-2
100 1 _aLongere, Jean.
_973235
245 1 3 _aLa prédication médiévale /
_cJean Longère.
260 _aParis :
_bEtudes Augustiniennes,
_c1983.
300 _a300 p. ;
_c25 cm.
504 _aBibliografía. Indices.
852 _aES-MaACL
_jG-1543
_bR.114385
999 _c93219
_d93219